000 00743nam a2200241 u 4500
005 20240228064038.0
008 120627s2010 r 000 0 eng d
020 _a9786071106964
035 _aUPN01000185503
049 _aI
050 4 _aPZ7
_bL6.2
100 1 _aLobel, Arnold,
_d1933-1987
_934039
245 1 0 _aDías con sapo y sepo /
_cArnold Lobel ; il. del autor.
260 _aMéxico :
_bAlfaguara,
_c2010.
300 _a68 p. :
_bil.
440 0 _aAlfaguara infantil
534 _pTítulo original:
_tDays with frog and toad
650 0 _aAnimales
_vCuentos y leyendas
_9234
650 4 _aLibros y lectura para niños
_92290
650 7 _aLiteratura infantil estadounidense
_2
_99173
905 _aInfantil
999 _c157606
_d157606